| 000 | 00824 a2200229 4500 | ||
|---|---|---|---|
| 001 | 48791 | ||
| 005 | 20260407155754.0 | ||
| 008 | 260407a1996 arg spa d | ||
| 003 | AR-UNSa-BCEJYS | ||
| 040 |
_aAR-UNSa-BCEJYS _bspa _cAR-UNSa-BCEJYS |
||
| 080 |
_a37.04 _xLa educación respecto al alumno. Orientación |
||
| 245 | 1 | 0 | _aLa vida en las aulas |
| 020 | _a84-7112-356-8 | ||
| 250 | _a4a.ed. | ||
| 264 | 1 |
_aMadrid : _bEdiciones Morata _c1996 |
|
| 300 |
_a215 p. _c24 cm. |
||
| 505 | _a1. Los afanes cotidianos - 2. Los sentimientos de los alumnos hacia la escuela - 3. Participación y absentismo en la clase - 4. Opiniones de los profesores - 5. La necesidad de nuevas perspectivas. | ||
| 942 | _cBK | ||
| 590 | _aniveau_biblio:m niveau_hierar:0 | ||
| 100 | 1 | _aJackson, Philip W. | |
| 700 | 1 | _aSolana, Guillermo | |
| 999 |
_c4728 _d4728 |
||